000 00990nam a2200277Ia 4500
003 OSt
005 20220923211146.0
006 a|||||r|||| 00| 0
007 ta
008 220922b |||||||| |||| 00| 0 hin d
020 _a8187482036 (hbk)
_c180
024 _a351,851
037 _bGV718, 09/03/2020, Vani Prakashan
_cTextual
040 _aARTS
_cARTS
_bhin
041 _2hin
_ahin
082 _aO152,3x, Q8
100 _aवर्मा, श्रीराम, ले.
_9158919
245 0 _aबीच में एक बच्चा
246 _aBīch mean ek bachchā
260 _aबीकानेर
_b वाग्देवी प्रकाशन
_c2018
300 _a144पृ.
_ccm.
650 _a हिन्दी साहित्य
_9156264
650 _aहिन्दी कहानी
942 _hO152,3x, Q8
_cTEXL
_2CC
999 _c296132
_d296132